| 000 | 00389cam a2200157ua 4500 | ||
|---|---|---|---|
| 041 |
_aeng _h |
||
| 082 |
_a658.501 _bGHO/IN |
||
| 100 | _aGhose, Bimal.C . | ||
| 245 |
_aIndustrial Organization / _cC.Bimal Ghose. _hTextual Documents |
||
| 250 |
_a2 / _b. |
||
| 260 |
_aLondon : _bOxford University Press , _c1959. |
||
| 300 | _a306 ; . | ||
| 504 | _a | ||
| 942 | _cBK | ||
| 999 |
_c939 _d939 |
||